000 00572nam a22001817a 4500
003 0
005 20160609165949.0
008 101103t xxu||||| |||| 00| 0 eng d
040 _aBUAC
_cBEPAC
100 _aKouthon, Pierre Kpèdétin
_910432
130 _lfr
_910433
245 _aDifficultés de lecture dans la determination de l'hematocrite dans les cas des hyperleucocytoses au CNHU/HKM
260 _aUAC-EPAC
_bUAC-EPAC
_c2008
300 _aXV-35p.
650 _aHEMATOCRITE
_bHYPERLEUCOCYTOSE
_910434
700 _aHoundjo , Daniel Bignon M.
_910435
942 _cTHE
999 _c48074
_d48074